Richest US Companies by Market Cap - Statistics

General Stats
  • This quiz has been taken 140 times
    119 since last reset
  • The average score is 11 of 20
Answer Stats
Hint Answer % Correct
3.3T Apple
98%
3.3T Microsoft
92%
2.4T Alphabet
88%
2.4T Amazon
86%
1.3T Tesla
81%
1.5T Meta
76%
3.6T Nvidia
76%
747B Walmart
68%
1.0T Berkshire Hathaway
48%
735B JPMorgan Chase
45%
485B Exxon Mobil
38%
408B Netflix
38%
517B Oracle
35%
417B Costco
31%
628B Visa
31%
1.1T Broadcom
30%
485B Mastercard
26%
679B Eli Lilly
24%
478B UnitedHealth
24%
407B Home Depot
19%
No matching quizzes found
Score Distribution
Percent of People with Each Score
Percentile by Number Answered
Your Score History
You have not taken this quiz since the last reset